| 000 | 00500nam a2200169Ia 4500 | ||
|---|---|---|---|
| 008 | 220216s9999 xx 000 0 und d | ||
| 100 | _aStephen R | ||
| 245 | 0 | _aRheological behavior of nanocomposites of natural rubber and carboxylated styrene butadiene rubber latices and their blends | |
| 260 |
_bJournal of Applied Polymer Science _c2006 |
||
| 300 | _a2355-62 | ||
| 700 | _aAlex R | ||
| 700 | _aCherian T | ||
| 700 | _aJoseph K | ||
| 700 | _aThomas S | ||
| 700 | _aVarghese S | ||
| 942 | _cBS | ||
| 999 |
_c51590 _d51590 |
||